| 000 | 00992nam a2200265 i 4500 | ||
|---|---|---|---|
| 001 | 22239 | ||
| 003 | ES-MaACL | ||
| 005 | 20250403175601.0 | ||
| 007 | t| | ||
| 008 | 021202s1952 sp ||||1| spa d | ||
| 080 | _a612.6.06 | ||
| 100 | 1 |
_aAlgora Gorbea, José. _919896 |
|
| 245 | 1 | 3 |
_aEl hombre, la mujer y el problema sexual / _cJosé Algora Gorbea. |
| 250 | _a1ª ed. | ||
| 260 |
_aZaragoza : _b[s.n.], _c1952 ( _fHeraldo de Aragón) |
||
| 300 |
_a214 p., 1 lám. : _bretr. aut, _c22 cm. |
||
| 490 | 1 | _aSexo y vida | |
| 650 | 4 |
_aSexualidad. _917078 |
|
| 830 | 1 |
_aSexo y vida _9228985 |
|
| 852 | 4 |
_aES-MaACL _jD-6470 _923046 _bR. 32540 _bR.M. 6063 _cSVI _fSello en tinta azul de la Biblioteca del Ateneo de Madrid _zEn cubierta: “Donativo” _zEn cubierta: "2. OCT. 1952" _zRetrato: José Algora |
|
| 942 |
_2udc _cMONOGRAFIA |
||
| 999 |
_c22239 _d22239 |
||